Finančné aspekty štátu v procese globalizácie dizertačná práca

Guardado en:
Detalles Bibliográficos
Autor principal: Hrivková, Katarína
Autor Corporativo: Národohospodárska fakulta EU. Katedra financií
Otros Autores: Neubauerová, Erika, 1968-
Formato: Libro
Lenguaje:eslovaco
Publicado: Bratislava 2013
Materias:
Etiquetas: Agregar Etiqueta
Sin Etiquetas, Sea el primero en etiquetar este registro!

MARC

LEADER 00000nbm a2200000 4500
001 0176127
005 20221207094711.6
041 0 |a slo 
044 |a SK 
245 1 0 |a Finančné aspekty štátu v procese globalizácie  |b dizertačná práca  |c Katarína Hrivková ; školiteľ: Erika Neubauerová 
264 1 |a Bratislava  |c 2013 
300 |a 135 s. 
610 2 0 |a globalizácia hospodárstva 
610 2 0 |a kríza hospodárska 
610 2 0 |a kríza finančná 
610 2 0 |a výdavky verejné 
100 1 |a Hrivková, Katarína 
700 1 |a Neubauerová, Erika, 1968- 
710 2 |a Národohospodárska fakulta EU. Katedra financií